000
00492nam a2200181Ia 4500
008
090124s9999 xx 000 0 und d
082
_b
119403
100
_a
साळगावकर शशिकला
245
_a
काटशह
250
_a
1
260
_c
1982
300
_a
151
600
_a
साळगावकर शशिकला
630
_a
काटशह
700
_a
साळगावकर शशिकला
730
_a
काटशह
942
_c
BOOK
999
_c
165489
_d
165489